[Event "CAN-op U1600"]
[Site "Kitchener CAN"]
[Date "2006.07.20"]
[Round "6"]
[White "Poloniato, Dennis"]
[Black "Karpik, Steve"]
[Result "0-1"]
[WhiteElo "1203"]
[BlackElo "1535"]
[PlyCount "68"]
[EventDate "2006.07.15"]
[EventType "swiss"]
[EventRounds "9"]
[EventCountry "CAN"]

1. e4 d6 2. Nf3 Nf6 3. d3 g6 4. Be2 Bg7 5. c3 c5 6. Na3 a6 7. O-O b5 8. Re1 Nc6
9. Bd2 Bb7 10. Rb1 Rc8 11. Nc2 Qb6 12. Be3 Ng4 13. h3 Nxe3 14. Nxe3 a5 15. Qd2
b4 16. Nd5 Qa7 17. Rec1 e6 18. Ne3 O-O 19. Nc4 Rfd8 20. Ne3 d5 21. Ng4 dxe4 22.
Nh6+ Bxh6 23. Qxh6 exf3 24. gxf3 Ne5 25. Rd1 Bxf3 26. Qe3 Bxe2 27. Qxe2 Qc7 28.
d4 cxd4 29. cxd4 Nc6 30. Rbc1 Rxd4 31. Rxd4 Nxd4 32. Qa6 Qxc1+ 33. Kg2 Qg5+ 34.
Kf1 Rc1# 0-1

[Event "CAN-op U1600"]
[Site "Kitchener CAN"]
[Date "2006.07.20"]
[Round "6"]
[White "Schaefer, Edward"]
[Black "Wong, Ming Jinq"]
[Result "1-0"]
[WhiteElo "1572"]
[BlackElo "1190"]
[PlyCount "85"]
[EventDate "2006.07.15"]
[EventType "swiss"]
[EventRounds "9"]
[EventCountry "CAN"]

1. d4 Nf6 2. c4 d5 3. Nf3 g6 4. Nc3 Bg7 5. Bf4 O-O 6. e3 b6 7. Be2 Ba6 8. b3
Re8 9. O-O dxc4 10. bxc4 e6 11. Nb5 Ne4 12. Rc1 Bxb5 13. cxb5 Re7 14. Qc2 Nd6
15. Ne5 a6 16. Bf3 Ra7 17. Nc6 Nxc6 18. bxc6 e5 19. dxe5 Bxe5 20. Bg5 f6 21.
Qb3+ Kg7 22. Bh4 g5 23. Bg3 Bxg3 24. fxg3 Ne4 25. Bxe4 Rxe4 26. Rcd1 Qe8 27.
Rd7+ Re7 28. Qe6 Rxd7 29. Qxe8 Rd6 30. Qe7+ Kg8 31. Rxf6 Rxf6 32. Qxf6 Ra8 33.
Qxg5+ Kf7 34. Qf5+ Kg7 35. Qd7+ Kg6 36. Qxc7 Re8 37. Qf4 Kg7 38. c7 Kg8 39.
Qg4+ Kf8 40. c8=Q Kf7 41. Qh5+ Kf6 42. Qcxe8 Kg7 43. Qg5# 1-0

[Event "CAN-op U1600"]
[Site "Kitchener CAN"]
[Date "2006.07.20"]
[Round "6"]
[White "Vera, Jesus"]
[Black "Biong, Mark Anthony"]
[Result "0-1"]
[WhiteElo "1417"]
[BlackElo "1133"]
[PlyCount "162"]
[EventDate "2006.07.15"]
[EventType "swiss"]
[EventRounds "9"]
[EventCountry "CAN"]

1. e4 c6 2. d4 d5 3. Nc3 g6 4. e5 Bg7 5. h3 Nd7 6. Nf3 Nb6 7. Be3 Nc4 8. Bxc4
dxc4 9. Ne4 Bf5 10. Nc3 Qb6 11. Rb1 Qd8 12. O-O Bd7 13. Qe2 b5 14. Rfd1 e6 15.
b3 cxb3 16. cxb3 Ne7 17. Ne4 Nc8 18. Bg5 Qc7 19. Nf6+ Bxf6 20. Bxf6 Rg8 21. Qd2
h5 22. Qh6 Ne7 23. Qh7 Rf8 24. g4 hxg4 25. hxg4 Bc8 26. Bg7 Rg8 27. Ng5 Bb7 28.
Bf6 Rf8 29. Ne4 O-O-O 30. Nd6+ Kb8 31. Nxf7 Rd7 32. Nd6 Nd5 33. Qh4 Nxf6 34.
Nxb7 Kxb7 35. exf6 Qf4 36. Qg3 Rxf6 37. Qxf4 Rxf4 38. f3 Rxf3 39. Kg2 Rf4 40.
Kg3 Rdf7 41. Re1 Rxd4 42. Rxe6 Rd3+ 43. Kh4 Rh7+ 44. Kg5 Rd5+ 45. Kxg6 Rh4 46.
Re4 Rd2 47. a4 Kb6 48. Rg1 Rd3 49. Kg5 Rh8 50. axb5 Kxb5 51. Rb1 Rf8 52. b4 Rh3
53. Re5+ Kb6 54. Rg1 Rb3 55. Re4 Kb5 56. Kg6 Rxb4 57. Rxb4+ Kxb4 58. g5 a5 59.
Kg7 Rc8 60. g6 c5 61. Kh7 a4 62. g7 a3 63. Rb1+ Kc3 64. g8=Q Rxg8 65. Kxg8 Kc2
66. Rb5 c4 67. Kf7 a2 68. Ra5 Kb2 69. Rb5+ Kc2 70. Ra5 Kb1 71. Rb5+ Ka1 72. Rc5
c3 73. Rxc3 Kb2 74. Rc7 a1=Q 75. Rb7+ Kc2 76. Rc7+ Kd3 77. Rd7+ Ke4 78. Re7+
Kf5 79. Kf8 Qa3 80. Ke8 Kf6 81. Rf7+ Ke6 0-1

[Event "CAN-op U1600"]
[Site "Kitchener CAN"]
[Date "2006.07.21"]
[Round "7"]
[White "Grayson, Henry"]
[Black "Botez, Alexandra"]
[Result "1/2-1/2"]
[WhiteElo "1539"]
[BlackElo "1436"]
[PlyCount "54"]
[EventDate "2006.07.15"]
[EventType "swiss"]
[EventRounds "9"]
[EventCountry "CAN"]

1. c4 f5 2. Nf3 Nf6 3. Nc3 g6 4. Qc2 Bg7 5. d3 d6 6. Bd2 e5 7. e4 O-O 8. h3
fxe4 9. dxe4 Nc6 10. Nd5 Nxd5 11. cxd5 Nd4 12. Nxd4 exd4 13. Bd3 Bd7 14. Qb3
Qf6 15. Rf1 b6 16. Qc4 Rac8 17. b4 Qe7 18. b5 Bf5 19. f3 Qh4+ 20. Ke2 Rfe8 21.
Be1 Qg5 22. g4 Bd7 23. h4 Qe3+ 24. Kd1 Qf4 25. Rc1 Bh6 26. g5 Bg7 27. Rc2 Bh3
1/2-1/2

[Event "CAN-op U1600"]
[Site "Kitchener CAN"]
[Date "2006.07.21"]
[Round "7"]
[White "Karpik, Steve"]
[Black "Scott, James"]
[Result "0-1"]
[WhiteElo "1535"]
[BlackElo "1284"]
[PlyCount "52"]
[EventDate "2006.07.15"]
[EventType "swiss"]
[EventRounds "9"]
[EventCountry "CAN"]

1. Nf3 Nf6 2. c4 c5 3. g3 Nc6 4. Nc3 g6 5. d3 Bg7 6. Bd2 O-O 7. Qc1 Qb6 8. Na4
Qc7 9. Nxc5 Nd4 10. Nxd7 Nxf3+ 11. exf3 Bxd7 12. Bg2 Bc6 13. O-O Rfd8 14. Qc2
Qd6 15. Rad1 Qxd3 16. Qc1 Bxf3 17. Bxf3 Qxf3 18. Ba5 Rxd1 19. Rxd1 Ng4 20. Qc2
h5 21. Rd7 Re8 22. Qd2 Qc6 23. Rc7 Qf3 24. Rd7 Bh6 25. Qd4 Be3 26. fxe3 Qf2+
0-1

[Event "CAN-op U1600"]
[Site "Kitchener CAN"]
[Date "2006.07.21"]
[Round "7"]
[White "Lawson, Bianca"]
[Black "Lee, Mei Chen"]
[Result "1/2-1/2"]
[WhiteElo "1348"]
[BlackElo "1452"]
[PlyCount "126"]
[EventDate "2006.07.15"]
[EventType "swiss"]
[EventRounds "9"]
[EventCountry "CAN"]

1. e4 d6 2. d4 g6 3. Nf3 Bg7 4. Nc3 Nf6 5. Be2 O-O 6. Be3 Ng4 7. h3 Nxe3 8.
fxe3 c6 9. g4 b5 10. a3 a5 11. g5 Qb6 12. a4 b4 13. Nb1 e5 14. b3 Ba6 15. h4
Re8 16. Bxa6 Nxa6 17. Qd3 Rad8 18. Nbd2 d5 19. dxe5 Bxe5 20. Nxe5 Rxe5 21.
O-O-O dxe4 22. Qe2 Qb7 23. Nc4 Red5 24. Qg4 Qe7 25. Rxd5 cxd5 26. Nd2 Qc7 27.
Nb1 Rc8 28. Qg2 Nc5 29. Kb2 Nb7 30. Qh2 Qb6 31. Qf2 Nd6 32. h5 Nf5 33. Rh3 d4
34. hxg6 fxg6 35. exd4 Qxd4+ 36. Qxd4 Nxd4 37. c3 bxc3+ 38. Nxc3 Re8 39. Rh4
Rb8 40. Nxe4 Nxb3 41. Nf6+ Kf7 42. Rxh7+ Ke6 43. Rh6 Kf5 44. Nh7 Nc5+ 45. Ka3
Ne4 46. Rh1 Rh8 47. Rf1+ Ke5 48. Nf8 Rg8 49. Nh7 Rg7 50. Rh1 Rf7 51. Kb3 Rf5
52. Rg1 Kd5 53. Nf6+ Nxf6 54. gxf6 Rxf6 55. Rg5+ Kd4 56. Rxa5 Rb6+ 57. Kc2 Kc4
58. Ra8 Kb4 59. a5 Rc6+ 60. Kd2 Kb5 61. a6 Rxa6 62. Rxa6 Kxa6 63. Ke3 Kb6
1/2-1/2

[Event "CAN-op U1600"]
[Site "Kitchener CAN"]
[Date "2006.07.21"]
[Round "7"]
[White "Rawding, Mike"]
[Black "Sadler, Kirk"]
[Result "1-0"]
[WhiteElo "1557"]
[BlackElo "1409"]
[PlyCount "49"]
[EventDate "2006.07.15"]
[EventType "swiss"]
[EventRounds "9"]
[EventCountry "CAN"]

1. e4 e5 2. Nf3 Nf6 3. Nc3 Nc6 4. Bb5 d6 5. O-O Be7 6. d4 exd4 7. Nxd4 Bd7 8.
Re1 O-O 9. f4 Nb8 10. Bd3 c6 11. Kh1 Ng4 12. Qf3 Qb6 13. Be3 Nxe3 14. Qxe3 Qxb2
15. e5 g6 16. Nce2 Qb6 17. Rab1 Qc7 18. e6 Bxe6 19. Nxe6 fxe6 20. Qxe6+ Kh8 21.
Ng3 Bh4 22. f5 Qd7 23. fxg6 b6 24. gxh7 c5 25. Qh6 1-0

[Event "CAN-op U1600"]
[Site "Kitchener CAN"]
[Date "2006.07.21"]
[Round "7"]
[White "Zlatnov, Petar"]
[Black "Draak, Jan"]
[Result "0-1"]
[WhiteElo "1355"]
[BlackElo "1211"]
[PlyCount "84"]
[EventDate "2006.07.15"]
[EventType "swiss"]
[EventRounds "9"]
[EventCountry "CAN"]

1. e4 e6 2. d4 d6 3. Bc4 g6 4. Nf3 Bg7 5. Be3 Ne7 6. O-O O-O 7. Qd3 a6 8. Nbd2
b5 9. Bb3 Nbc6 10. c4 bxc4 11. Nxc4 d5 12. Ncd2 dxe4 13. Nxe4 Bb7 14. Nc5 Qc8
15. Rfd1 Rd8 16. Qe2 Nf5 17. Rd2 Na5 18. Nxb7 Qxb7 19. Ba4 Nxe3 20. Qxe3 Nc4
21. Qe2 Nxd2 22. Qxd2 c5 23. Qc2 Bxd4 24. Nxd4 cxd4 25. Bc6 Qc8 26. Qe4 Rb8 27.
b3 Rb6 28. Ba4 d3 29. b4 Qc3 30. Rb1 Rbd6 31. Qe3 Rd4 32. Rc1 Qxb4 33. Bb3 d2
34. Rd1 a5 35. h3 a4 36. Bc2 Qb2 37. Bxa4 Rxa4 38. Qg5 Rad4 39. h4 Qc2 40. Rf1
d1=Q 41. h5 Qxf1+ 42. Kxf1 Rd1# 0-1

[Event "CAN-op U1600"]
[Site "Kitchener CAN"]
[Date "2006.07.22"]
[Round "8"]
[White "Botez, Alexandra"]
[Black "Ortiz, Hugo"]
[Result "1/2-1/2"]
[WhiteElo "1436"]
[BlackElo "1384"]
[PlyCount "67"]
[EventDate "2006.07.15"]
[EventType "swiss"]
[EventRounds "9"]
[EventCountry "CAN"]

1. d4 Nf6 2. c4 e6 3. Nc3 Bb4 4. Bg5 c5 5. e3 Bxc3+ 6. bxc3 Qa5 7. Ne2 Ne4 8.
Bf4 O-O 9. Qc2 d5 10. cxd5 exd5 11. f3 Nf6 12. Bd6 Re8 13. Kf2 c4 14. Ng3 Qd8
15. Bf4 Nc6 16. Be2 Ne7 17. e4 Ng6 18. Bd2 dxe4 19. fxe4 Ng4+ 20. Bxg4 Bxg4 21.
Rhe1 Qc7 22. Kg1 Nf4 23. Bxf4 Qxf4 24. Qf2 Qxf2+ 25. Kxf2 g6 26. h3 Bd7 27.
Rad1 Ba4 28. Rd2 f6 29. e5 fxe5 30. Rxe5 Rxe5 31. dxe5 Re8 32. Re2 Kf7 33. Re3
Bc6 34. Ne2 1/2-1/2

[Event "CAN-op U1600"]
[Site "Kitchener CAN"]
[Date "2006.07.22"]
[Round "8"]
[White "Schaefer, Edward"]
[Black "Grayson, Henry"]
[Result "0-1"]
[WhiteElo "1572"]
[BlackElo "1539"]
[PlyCount "96"]
[EventDate "2006.07.15"]
[EventType "swiss"]
[EventRounds "9"]
[EventCountry "CAN"]

1. d4 Nf6 2. c4 g6 3. Nf3 Bg7 4. Nc3 O-O 5. e4 d6 6. Be2 e5 7. O-O Nc6 8. Bg5
Ne7 9. d5 Ne8 10. Qd2 a6 11. Bh6 f5 12. Bxg7 Kxg7 13. Qg5 Nf6 14. exf5 h6 15.
Qd2 Nxf5 16. Bd3 Re8 17. Ne4 Nh4 18. Qe2 Bg4 19. h3 Bxf3 20. gxf3 Nxe4 21. Qxe4
Qg5+ 22. Qg4 Nxf3+ 23. Kg2 Rf8 24. Qxg5 Nxg5 25. Rae1 Rf4 26. Re3 Raf8 27. Be2
Ne4 28. f3 Nd2 29. Rc1 e4 30. Rcc3 exf3+ 31. Bxf3 Nxf3 32. Rxf3 Rxf3 33. Rxf3
Rxf3 34. Kxf3 Kf6 35. Kf4 a5 36. b3 c6 37. a3 cxd5 38. cxd5 b5 39. h4 h5 40. a4
b4 41. Ke4 g5 42. hxg5+ Kxg5 43. Kf3 Kf5 44. Kg3 Ke5 45. Kh4 Kxd5 46. Kxh5 Ke4
47. Kg4 d5 48. Kg3 Ke3 0-1

[Event "CAN-op U2000"]
[Site "Kitchener CAN"]
[Date "2006.07.15"]
[Round "1"]
[White "Blair, David"]
[Black "Heinisch, Peter"]
[Result "1/2-1/2"]
[WhiteElo "1908"]
[BlackElo "1712"]
[PlyCount "59"]
[EventDate "2006.07.15"]
[EventType "swiss"]
[EventRounds "9"]
[EventCountry "CAN"]

1. e4 Nf6 2. e5 Nd5 3. Nf3 d6 4. d4 Bg4 5. Be2 e6 6. O-O Be7 7. c4 Nb6 8. b3
Nc6 9. Bf4 O-O 10. exd6 cxd6 11. Nc3 d5 12. c5 Nd7 13. Nb5 a6 14. Nd6 Ra7 15.
Qd2 Bf6 16. Be3 Be7 17. Bf4 Bxf3 18. Bxf3 g5 19. Be3 f5 20. g3 Bxd6 21. cxd6 f4
22. gxf4 Qf6 23. Bg4 gxf4 24. Bxf4 Nxd4 25. Be3 Nf3+ 26. Bxf3 Qxf3 27. Qd1 Qxd1
28. Rfxd1 Raa8 29. Rac1 Rac8 30. Rc7 1/2-1/2

[Event "CAN-op U2000"]
[Site "Kitchener CAN"]
[Date "2006.07.16"]
[Round "2"]
[White "Baxted, Peter"]
[Black "Doucette, Patrick"]
[Result "1/2-1/2"]
[WhiteElo "1685"]
[BlackElo "1850"]
[PlyCount "84"]
[EventDate "2006.07.15"]
[EventType "swiss"]
[EventRounds "9"]
[EventCountry "CAN"]

1. d4 Nc6 2. c4 e5 3. dxe5 Nxe5 4. e4 Nf6 5. Nc3 Bc5 6. h3 d6 7. Nf3 Ng6 8. Bd3
O-O 9. O-O Bd7 10. Na4 Bc6 11. Re1 Bb6 12. Nxb6 axb6 13. Bd2 Qe7 14. Nd4 Ba4
15. b3 Bd7 16. Qc2 Nh5 17. Nf5 Qf6 18. Be2 Nhf4 19. Bg4 h5 20. Nh6+ gxh6 21.
Bxd7 Ne5 22. Bxf4 Qxf4 23. Bf5 Kh8 24. Qe2 Rg8 25. Kh1 Rg5 26. g3 Qf3+ 27. Qxf3
Nxf3 28. Red1 h4 29. Kg2 Ne5 30. g4 Rg7 31. f4 Ng6 32. Kf3 Ne7 33. Rg1 Nxf5 34.
exf5 f6 35. Rge1 Rf8 36. Re6 h5 37. Rg1 Kh7 38. Rg2 Rff7 39. Ke4 hxg4 40. hxg4
Kg8 41. Rh2 Rxg4 42. Kf3 Rg3+ 1/2-1/2

[Event "CAN-op U2000"]
[Site "Kitchener CAN"]
[Date "2006.07.16"]
[Round "2"]
[White "Blair, David"]
[Black "Kollarich, Joseph"]
[Result "1-0"]
[WhiteElo "1908"]
[BlackElo "1617"]
[PlyCount "129"]
[EventDate "2006.07.15"]
[EventType "swiss"]
[EventRounds "9"]
[EventCountry "CAN"]

1. d4 e6 2. Nf3 d5 3. e3 b6 4. c3 a6 5. Bd3 Bb7 6. Nbd2 Nd7 7. e4 Ngf6 8. e5
Ng8 9. Qe2 h6 10. h4 c5 11. g4 g6 12. Rh3 c4 13. Bc2 b5 14. Nf1 Be7 15. Bf4 Nb6
16. Ne3 Kd7 17. Bg3 Bc6 18. Nd2 b4 19. f4 bxc3 20. bxc3 Ba4 21. Nf3 Bxc2 22.
Qxc2 Ba3 23. Rb1 Ne7 24. Rxb6 Qxb6 25. Qa4+ Qc6 26. Qxa3 Rab8 27. Nd2 Rb6 28.
Rh2 Rhb8 29. Nd1 h5 30. g5 Nf5 31. Bf2 a5 32. Ke2 a4 33. Rh1 Ra8 34. Re1 Rab8
35. Kf3 R6b7 36. Kg2 Rb6 37. Kf1 R6b7 38. Ke2 Rb6 39. Nf1 R8b7 40. Nde3 Rb2+
41. Kf3 Nxe3 42. Nxe3 Ke8 43. Rc1 Rb1 44. Nc2 Rxc1 45. Qxc1 Qd7 46. Qa3 Rb8 47.
Be3 Rb1 48. Qc5 Rb2 49. Nb4 Rh2 50. Qa5 Rxh4 51. Qa8+ Qd8 52. Qxa4+ Kf8 53. Nc6
Qd7 54. Qb4+ Kg7 55. Qb6 Rh1 56. a4 Ra1 57. a5 Ra2 58. a6 Ra3 59. Qb7 Qe8 60.
a7 Rb3 61. a8=Q Qxa8 62. Qxa8 Rxc3 63. Qd8 h4 64. Qf6+ Kf8 65. Qh8# 1-0

[Event "CAN-op U2000"]
[Site "Kitchener CAN"]
[Date "2006.07.16"]
[Round "2"]
[White "Daku, Zoltan"]
[Black "Ritchie, Gordon"]
[Result "1/2-1/2"]
[WhiteElo "1540"]
[BlackElo "1787"]
[PlyCount "73"]
[EventDate "2006.07.15"]
[EventType "swiss"]
[EventRounds "9"]
[EventCountry "CAN"]

1. e4 c6 2. d4 d5 3. exd5 cxd5 4. Bd3 Nf6 5. h3 Nc6 6. Nf3 e6 7. a3 Bd6 8. O-O
O-O 9. Bg5 Ne7 10. Bxf6 gxf6 11. Nh4 Ng6 12. Qh5 f5 13. Nf3 Nf4 14. Qg5+ Qxg5
15. Nxg5 Nxd3 16. cxd3 b6 17. Nc3 Ba6 18. Rad1 Bf4 19. Nf3 Bb7 20. Rfe1 a6 21.
Ne5 Rad8 22. Ne2 Bh6 23. f4 f6 24. Nf3 Rc8 25. Rc1 Kf7 26. g3 Ke7 27. Rxc8 Rxc8
28. Rc1 Kd6 29. Rxc8 Bxc8 30. Kf2 Bd7 31. Ke3 a5 32. Kd2 Bf8 33. Kc3 Kc6 34.
Nc1 b5 35. Na2 Kb6 36. b4 Bd6 37. Kd2 1/2-1/2

[Event "CAN-op U2000"]
[Site "Kitchener CAN"]
[Date "2006.07.16"]
[Round "2"]
[White "Dragan, Cristian"]
[Black "Wright, Ken"]
[Result "1/2-1/2"]
[WhiteElo "1430"]
[BlackElo "1763"]
[PlyCount "55"]
[EventDate "2006.07.15"]
[EventType "swiss"]
[EventRounds "9"]
[EventCountry "CAN"]

1. e4 a6 2. d4 b5 3. Be3 Bb7 4. Nd2 e6 5. Bd3 Nf6 6. Ngf3 Be7 7. O-O d6 8. Rc1
c5 9. c3 Nbd7 10. a4 bxa4 11. Qxa4 O-O 12. Qc2 Kh8 13. h3 Rc8 14. Qb1 Rc7 15.
g4 Ng8 16. g5 f6 17. h4 Qe8 18. Kg2 Qh5 19. Rh1 Qg4+ 20. Kh2 d5 21. e5 f5 22.
Rcg1 Qh5 23. Bf4 cxd4 24. cxd4 Rfc8 25. Qf1 Bb4 26. Qg2 Ne7 27. Nf1 Nf8 28. Ng3
1/2-1/2

[Event "CAN-op U2000"]
[Site "Kitchener CAN"]
[Date "2006.07.16"]
[Round "2"]
[White "Ferreira, Alex"]
[Black "McKay, Brian"]
[Result "1-0"]
[WhiteElo "1855"]
[BlackElo "1720"]
[PlyCount "65"]
[EventDate "2006.07.15"]
[EventType "swiss"]
[EventRounds "9"]
[EventCountry "CAN"]

1. e4 e5 2. f4 Bc5 3. Nf3 d6 4. Nc3 Nf6 5. d3 a6 6. fxe5 dxe5 7. Bg5 c6 8. Qd2
h6 9. Be3 Bxe3 10. Qxe3 Ng4 11. Qc5 Nd7 12. Qd6 Qb6 13. Nd1 Kd8 14. a4 Re8 15.
a5 Qc7 16. Qa3 Nf8 17. h3 Nf6 18. Ne3 Be6 19. O-O-O b5 20. axb6 Qxb6 21. Nc4
Bxc4 22. dxc4+ Kc8 23. c5 Qb7 24. Bc4 Nxe4 25. Rhe1 f5 26. Bd3 Nd7 27. Bxe4
fxe4 28. Nd2 Nf6 29. Nc4 Kb8 30. Nd6 Qe7 31. Qb4+ Kc7 32. Qb6+ Kd7 33. Nf5+ 1-0

[Event "CAN-op U2000"]
[Site "Kitchener CAN"]
[Date "2006.07.16"]
[Round "2"]
[White "Gaciu, Vlad"]
[Black "Goodman, Kevin"]
[Result "1-0"]
[WhiteElo "1701"]
[BlackElo "1870"]
[PlyCount "69"]
[EventDate "2006.07.15"]
[EventType "swiss"]
[EventRounds "9"]
[EventCountry "CAN"]

1. e4 e6 2. d4 d5 3. Nc3 Bb4 4. Bd3 dxe4 5. Bxe4 Nf6 6. Bd3 O-O 7. Nf3 b6 8.
O-O Bb7 9. Bg5 Bxc3 10. bxc3 h6 11. Bh4 Nbd7 12. Ne5 g5 13. Bg3 Nxe5 14. dxe5
Qd5 15. f3 Nh5 16. Qe1 f5 17. exf6 Nxf6 18. c4 Qc6 19. Qe5 g4 20. Rae1 Rae8 21.
Be4 Nxe4 22. Rxe4 Qc5+ 23. Qxc5 bxc5 24. Rxg4+ Kf7 25. Bxc7 Rg8 26. Rf4+ Kg6
27. Bd6 Rc8 28. Re1 Rge8 29. Re5 Rc6 30. Bxc5 Ba6 31. a3 Rec8 32. Bxa7 Bxc4 33.
Bd4 Bd5 34. Rg4+ Kf7 35. Rh5 1-0

[Event "CAN-op U2000"]
[Site "Kitchener CAN"]
[Date "2006.07.17"]
[Round "2"]
[White "Mattson, Marv"]
[Black "Palmer, Jordan"]
[Result "0-1"]
[WhiteElo "1718"]
[BlackElo "1897"]
[PlyCount "90"]
[EventDate "2006.07.15"]
[EventType "swiss"]
[EventRounds "9"]
[EventCountry "CAN"]

1. c4 g6 2. g3 Bg7 3. Bg2 Nf6 4. Nc3 O-O 5. e4 c5 6. Nge2 Nc6 7. O-O d6 8. a3
e5 9. d3 Ng4 10. f3 Nh6 11. Bd2 f5 12. Qc1 Nf7 13. Nd5 Be6 14. b4 Qd7 15. bxc5
dxc5 16. Rb1 b6 17. f4 fxe4 18. dxe4 Nd6 19. Qc2 Bh3 20. Rbd1 Bxg2 21. Kxg2
Rad8 22. Qd3 exf4 23. Ndxf4 Qf7 24. Qd5 Nxc4 25. Qxc6 Nxd2 26. Rf2 Qe8 27. Qxe8
Rfxe8 28. Nd5 Nxe4 29. Rf4 Nd6 30. Rd2 Nf5 31. Kh3 Kh8 32. Rf3 Ne7 33. Nef4
Nxd5 34. Rxd5 Rxd5 35. Nxd5 Re5 36. Ne3 Kg8 37. Nc4 Rh5+ 38. Kg2 Rd5 39. Kh3
Rd4 40. Nb2 a6 41. Nd3 Rc4 42. Nf4 Rc3 43. Rxc3 Bxc3 44. a4 b5 45. axb5 axb5
0-1

[Event "CAN-op U2000"]
[Site "Kitchener CAN"]
[Date "2006.07.16"]
[Round "2"]
[White "McClelland, Tom"]
[Black "Luiting, Larry"]
[Result "1/2-1/2"]
[WhiteElo "1820"]
[BlackElo "1617"]
[PlyCount "50"]
[EventDate "2006.07.15"]
[EventType "swiss"]
[EventRounds "9"]
[EventCountry "CAN"]

1. e4 c5 2. Nf3 d6 3. Bb5+ Bd7 4. Bxd7+ Qxd7 5. O-O Nc6 6. c3 Nf6 7. Qe2 g6 8.
d4 b6 9. Bg5 Bg7 10. d5 Nd8 11. Re1 h6 12. Bxf6 exf6 13. Na3 O-O 14. Nc4 b5 15.
Ne3 Re8 16. Nd2 Nb7 17. Qf3 c4 18. Nc2 Nc5 19. Rab1 Nd3 20. Re2 f5 21. exf5
Rxe2 22. Qxe2 Qxf5 23. Ne3 Qe5 24. b3 Qxc3 25. bxc4 Nf4 1/2-1/2

[Event "CAN-op U2000"]
[Site "Kitchener CAN"]
[Date "2006.07.16"]
[Round "2"]
[White "O'Brien, Frank"]
[Black "Me, Kevin"]
[Result "1/2-1/2"]
[WhiteElo "1622"]
[BlackElo "1817"]
[PlyCount "72"]
[EventDate "2006.07.15"]
[EventType "swiss"]
[EventRounds "9"]
[EventCountry "CAN"]

1. d4 Nf6 2. c4 g6 3. g3 Bg7 4. Bg2 d6 5. Nc3 O-O 6. Nf3 Nbd7 7. O-O c5 8. e4
cxd4 9. Nxd4 Qc7 10. Be3 Qxc4 11. Rc1 Qc7 12. Nd5 Qd8 13. Nc7 Rb8 14. Ndb5 a6
15. Na7 Nc5 16. b4 Qxc7 17. bxc5 Bg4 18. cxd6 Qxd6 19. Qc2 Nd7 20. h3 Be6 21.
Rfd1 Qa3 22. Rd3 Qa5 23. Bd2 Qb6 24. Be3 Qa5 25. Bd2 Qb6 26. Be3 Qb2 27. Qd1
Qxa2 28. Rxd7 Bxd7 29. Qxd7 Bb2 30. Rc7 Qb1+ 31. Kh2 Be5 32. Nc8 Bxc7 33. Nxe7+
Kh8 34. Qxc7 Qb2 35. e5 b5 36. Bg5 h5 1/2-1/2

[Event "CAN-op U2000"]
[Site "Kitchener CAN"]
[Date "2006.07.16"]
[Round "2"]
[White "Oberton, Daniel"]
[Black "Jackson, David"]
[Result "1-0"]
[WhiteElo "1740"]
[BlackElo "1997"]
[PlyCount "99"]
[EventDate "2006.07.15"]
[EventType "swiss"]
[EventRounds "9"]
[EventCountry "CAN"]

1. e4 c5 2. Nf3 g6 3. d4 cxd4 4. Nxd4 Nf6 5. Nc3 d6 6. Be3 Bg7 7. f3 O-O 8. Qd2
Nc6 9. O-O-O Nxd4 10. Bxd4 Be6 11. g4 Qa5 12. Kb1 Rfc8 13. Nd5 Qxd2 14. Rxd2
Nxd5 15. Bxg7 Nb4 16. a3 Nxc2 17. Bh6 Nxa3+ 18. bxa3 Rc3 19. Rd3 Rac8 20. Rxc3
Rxc3 21. Be2 Rb3+ 22. Kc2 Rxa3 23. Rc1 f6 24. Kd2 Kf7 25. Bf4 Rb3 26. Be3 a5
27. f4 Rb2+ 28. Rc2 Rb4 29. Kd3 a4 30. Rc3 b5 31. Bf3 Rb2 32. Rc2 Bc4+ 33. Kd2
Rb3 34. Rc3 Ke6 35. Rxb3 Bxb3 36. Kc3 d5 37. exd5+ Bxd5 38. Be2 Bc6 39. Kb4 Kd5
40. Bf3+ Kd6 41. Bc5+ Kd7 42. Be2 e5 43. fxe5 fxe5 44. Bxb5 Bxb5 45. Kxb5 Ke6
46. Kxa4 e4 47. Kb4 Ke5 48. Be3 h5 49. h3 hxg4 50. hxg4 1-0

[Event "CAN-op U2000"]
[Site "Kitchener CAN"]
[Date "2006.07.16"]
[Round "2"]
[White "Rowles, Christopher"]
[Black "Heinisch, Peter"]
[Result "1-0"]
[WhiteElo "1727"]
[BlackElo "1712"]
[PlyCount "56"]
[EventDate "2006.07.15"]
[EventType "swiss"]
[EventRounds "9"]
[EventCountry "CAN"]

1. e4 c5 2. Nf3 Nc6 3. d4 cxd4 4. Nxd4 g6 5. c3 Bg7 6. Be3 d5 7. Bb5 Bd7 8.
exd5 Ne5 9. Be2 Qc8 10. Na3 Nf6 11. Nf3 Neg4 12. Bd4 Nh6 13. Nc4 O-O 14. Ne3
Rd8 15. Qb3 Nf5 16. Nxf5 Bxf5 17. c4 e6 18. O-O exd5 19. cxd5 Nxd5 20. Bxg7
Kxg7 21. Bc4 Be6 22. Rfd1 Nf4 23. Rxd8 Qxd8 24. Bxe6 Nxe6 25. Rd1 Qc7 26. h4 h6
27. Qe3 Qc2 28. Qe5+ f6 1-0

[Event "CAN-op U2000"]
[Site "Kitchener CAN"]
[Date "2006.07.16"]
[Round "2"]
[White "Solis, Jaime"]
[Black "Simpson, Cal"]
[Result "1-0"]
[WhiteElo "1805"]
[BlackElo "1611"]
[PlyCount "49"]
[EventDate "2006.07.15"]
[EventType "swiss"]
[EventRounds "9"]
[EventCountry "CAN"]

1. e4 e5 2. Nf3 Nf6 3. Nxe5 Nc6 4. Nf3 Nxe4 5. Qe2 Qe7 6. d3 Nf6 7. Bd2 Qxe2+
8. Bxe2 Bc5 9. Nc3 d5 10. O-O O-O 11. Nb5 Bd6 12. Nxd6 cxd6 13. h3 h6 14. Rfe1
Be6 15. c3 Ne5 16. Bf4 Nfd7 17. d4 Ng6 18. Bxd6 Rfe8 19. Bd3 f5 20. Bb5 Rec8
21. Rxe6 Nf6 22. Re2 a6 23. Ba4 b5 24. Bb3 Ne4 25. Bxd5+ 1-0

[Event "CAN-op U2000"]
[Site "Kitchener CAN"]
[Date "2006.07.16"]
[Round "2"]
[White "White, Chris"]
[Black "Gillanders, Robert"]
[Result "0-1"]
[WhiteElo "1552"]
[BlackElo "1805"]
[PlyCount "113"]
[EventDate "2006.07.15"]
[EventType "swiss"]
[EventRounds "9"]
[EventCountry "CAN"]

1. d4 Nf6 2. c4 c5 3. e3 g6 4. Nf3 Bg7 5. Be2 O-O 6. O-O d6 7. h3 Nc6 8. Nc3 e6
9. a3 a6 10. Qc2 b6 11. Rd1 Qc7 12. d5 exd5 13. cxd5 Ne7 14. e4 Nd7 15. Bg5 f6
16. Bf4 Ne5 17. Bxe5 fxe5 18. Ng5 h6 19. Ne6 Bxe6 20. dxe6 Rf6 21. Qb3 b5 22.
Nd5 Nxd5 23. Qxd5 Re8 24. Rd3 c4 25. Rc1 Qe7 26. Rg3 Qxe6 27. Qc6 d5 28. Qb7 d4
29. Bg4 Qe7 30. Qd5+ Kh7 31. b4 Qd6 32. Qxd6 Rxd6 33. Kf1 Bf6 34. Ke1 Bg5 35.
Rc2 Bf4 36. Rf3 h5 37. Rxf4 exf4 38. Bf3 d3 39. Rc3 d2+ 40. Kd1 Rc8 41. Be2 Rd4
42. f3 g5 43. Bf1 Ra8 44. a4 Kg6 45. a5 g4 46. h4 Kf6 47. Be2 Rg8 48. Rc2 gxf3
49. Bxf3 Ke5 50. Rc3 Rxe4 51. Kxd2 Rd8+ 52. Kc2 Re3 53. Bxh5 Rxc3+ 54. Kxc3
Rd3+ 55. Kc2 Rb3 56. Bf3 Rxb4 57. Bb7 0-1

[Event "CAN-op U2000"]
[Site "Kitchener CAN"]
[Date "2006.07.17"]
[Round "3"]
[White "Doucette, Patrick"]
[Black "McKay, Brian"]
[Result "0-1"]
[WhiteElo "1850"]
[BlackElo "1720"]
[PlyCount "52"]
[EventDate "2006.07.15"]
[EventType "swiss"]
[EventRounds "9"]
[EventCountry "CAN"]

1. c4 g6 2. Nc3 Bg7 3. g3 d6 4. Bg2 Nd7 5. d4 c5 6. e3 Ngf6 7. Nge2 O-O 8. O-O
Ne8 9. e4 e5 10. dxc5 Nxc5 11. Be3 Ne6 12. c5 f5 13. f4 fxe4 14. Nxe4 d5 15.
Nd6 d4 16. Bf2 Nxc5 17. Nxc8 Rxc8 18. fxe5 d3 19. Nf4 Bxe5 20. Bxc5 Rxc5 21.
Qb3+ Kh8 22. Nxg6+ hxg6 23. Rxf8+ Kg7 24. Qf7+ Kh6 25. Rh8+ Bxh8 26. Qf8+ Bg7
0-1